Anthony Mackie Movies - Statistics

General Stats
  • This quiz has been taken 36 times
    26 since last reset
  • The average score is 6 of 63
Answer Stats
Hint Answer % Correct
2015 Avengers: Age of Ultron
90%
2019 Avengers: Endame
90%
2016 Captain America: Civil War
90%
2014 Captain America: The Winter Soldier
90%
2015 Ant-Man
50%
2002 8 Mile
40%
2018 Avengers: Infinity War
40%
2013 Pain and Gain
35%
2008 The Hurt Locker
30%
TBD Captain America 4
10%
2015 The Night Before
10%
2021 The Woman in the Window
10%
2017 Detroit
5%
2006 Half Nelson
5%
2009 Notorious
5%
2021 Outside the Wire
5%
2019 Point Blank
5%
2011 Real Steel
5%
2019 Seberg
5%
2019 Synchronic
5%
2011 The Adjustment Bureau
5%
2020 The Banker
5%
2005 The Man
5%
2011 10 Years
0%
2012 Abraham Lincoln: Vampire Hunter
0%
2016 All The Way
0%
2008 American Violet
0%
2014 Black or White
0%
2004 Brother to Brother
0%
2006 Crossover
0%
2009 Desert Flower
0%
2008 Eagle Eye
0%
2006 Freedomland
0%
2013 Gangster Squad
0%
2004 Haven
0%
2006 Heavens Fall
0%
2003 Hollywood Homicide
0%
2019 IO
0%
2010 Louis
0%
2015 Love the Coopers
0%
2012 Man on a Ledge
0%
2004 Million Dollar Baby
0%
2019 Miss Bala
0%
2010 Night Catches Us
0%
2015 Our Brand is Crisis
0%
TBD Panopticon
0%
2014 Playing it Cool
0%
2013 Repentance
0%
2013 Runner Runner
0%
2004 She Hate Me
0%
2014 Shelter
0%
TBD Signal Hill
0%
2004 Sucker Free City
0%
2021 The Eternals
0%
2013 The Fifth Estate
0%
2018 The Hate U Give
0%
2013 The Inevitable Defeat of Mister and Pete
0%
2004 The Manchurian Candidate
0%
2016 Triple 9
0%
2006 We Are Marshall
0%
TBD We Have a Ghost
0%
2019 Wetlands
0%
2011 What's Your Number?
0%
No matching quizzes found
Score Distribution
Percent of People with Each Score
Percentile by Number Answered
Your Score History
You have not taken this quiz since the last reset